The Only Two U.S. Presidents - Statistics

General Stats
  • This quiz has been taken 189 times
    23 since last reset
  • The average score is 16 of 26
Answer Stats
One of two U.S. Presidents who ... Presidents % Correct
had a father who was also a U.S. President George W. Bush | John Quincy Adams
100%
were Catholic John F. Kennedy | Joe Biden
95%
hosted a national TV show before assuming office Ronald Reagan | Donald Trump
95%
served two non-consecutive terms Grover Cleveland | Donald Trump
91%
signed the Declaration of Independence John Adams | Thomas Jefferson
91%
signed the Constitution George Washington | James Madison
86%
were fifth cousins Theodore Roosevelt | Franklin D. Roosevelt
86%
were grandfather and grandson William Henry Harrison | Benjamin Harrison
86%
served their entire presidential term in their 40s John F. Kennedy | James Garfield
82%
died on July 4, 1826 - the 50th anniversary of the adoption of the Declaration of Independence John Adams | Thomas Jefferson
77%
were born in Texas Lyndon B. Johnson | Dwight D. Eisenhower
77%
attended the U.S. Military Academy at West Point Ulysses S. Grant | Dwight Eisenhower
73%
lived in the White House without a pet (maybe three) James K. Polk | Donald Trump | Andrew Johnson
68%
died from natural causes while President (but not in the White House) Warren Harding | Franklin D. Roosevelt
64%
were buried at Arlington National Cemetery William Taft | John F. Kennedy
64%
studied abroad John Quincy Adams | Bill Clinton
59%
died in the White House William Henry Harrison | Zachary Taylor
59%
founded a university Thomas Jefferson | Millard Fillmore
55%
came under enemy fire while commander-in-chief Abraham Lincoln | James Madison
50%
were formally selected by the House of Representatives instead of the Electoral College (after neither received a majority of votes in the Electoral College) Thomas Jefferson | John Quincy Adams
50%
never used a Bible in their oath-taking ceremonies Thomas Jefferson | Calvin Coolidge
36%
were citizens of the Confederate States of America (when it existed) John Tyler | Woodrow Wilson
32%
had an engineering background Herbert Hoover | Jimmy Carter
27%
were arrested while in office (both related to reckless horsemanship) Franklin Pierce | Ulysses S. Grant
23%
were second cousins James Madison | Zachary Taylor
9%
had pet alligators in the White House John Adams | Herbert Hoover
9%
No matching quizzes found
Score Distribution
Percent of People with Each Score
Percentile by Number Answered
Your Score History
You have not taken this quiz since the last reset